000 00555nam a2200169 i 4500
001 44629
003 ES-MaACL
005 20230906161051.0
007 t|
008 030321s1967 sp ||||1| spa d
245 0 3 _aEl código de la felicidad o Arte de ser feliz en el matrimonio /
_ctraducción del francés por María Esther Vigón.
260 _aMadrid :
_bStudium,
_c[1967]
300 _a103 p. :
_bil. ;
_c20 cm.
700 1 _aVigón, María Esther.
_9114666
740 0 _aArte de ser feliz en el matrimonio.
852 _aES-MaACL
_jC-33311
_bR.64181
999 _c44629
_d44629